000 00522nab a2200145Ia 4500
003 ES-SlBCS
005 20210601141554.0
008 140529s2005 xxu||||| |||| 00| 0 spa d
041 _aspa
100 1 _aOrden Olasagasti, Olga del
_9258350
245 0 0 _a¿Qué podemos hacer cuando el clima se convierte en el peor enemigo de la actividad empresarial?
_c Olga del Orden Olasagasti
650 0 4 _aActividad Empresarial-Clima
_9258351
773 0 _tEstudios Empresariales
_gnº. 119, 2005, págs. 76-87
_wRev1197
942 _cAR
999 _c662910
_d662910